000 00736nam a2200217Ia 4500
003 GCL
008 140319s9999 xx 000 0 ara d
040 _aGCL /
_cGCL
082 0 4 _a819
_bم ا
100 1 _aمحمد عبدالغنى الشيخ
245 1 0 _aابوحيان التوحيدى: رايه فى الاعجاز واثرة فى الادب والنقد /
_cمحمد عبدالغنى الشيخ
300 _a501 ص
490 _a
650 0 4 _aالادب العربى
650 0 4 _aالفلسفة الاسلامية
650 0 4 _aالبلاغة العربية
650 0 4 _aالدولة العباسية الثانية
650 0 4 _aتاريخ ونقد
650 0 4 _aابوحيان التوحيدى
942 _2ddc
_cBK
999 _c38901
_d38901